Bytový dom

Saved in:
Bibliographic Details
Main Author: Kovács, Patrik (Author)
Other Authors: Ďubek, Marek (Thesis advisor)
Format: Manuscript Book
Language:Slovak
Published: 2019
Subjects:
Online Access:http://is.stuba.sk/zp/portal_zp.pl?podrobnosti=152829
https://opac.crzp.sk/?fn=detailBiblioForm&sid=72994EA9AD52E4DE4E964C064587
Tags: Add Tag
No Tags, Be the first to tag this record!

MARC

LEADER 00000ntm a22000003a 4500
001 stuzp74026
003 SK-STU
005 20230605150519.0
007 ta
008 150427s2015----xo-----f-mn---000-0-slo-d
040 |a STU  |b slo 
041 0 |a slo 
100 1 |a Kovács, Patrik  |u 010270  |4 aut  |U SvF Stavebná fakulta  |T SvF Katedra technológie stavieb  |X 75672  |U V270  |Y 28  |7 75672 
242 0 1 |a Apartment House  |y eng 
245 1 0 |a Bytový dom 
260 |c 2019 
650 4 |a Stavenisko  |2 slo 
650 4 |a POV  |2 slo 
650 4 |a Harmonogram  |2 slo 
650 4 |a Bytový dom  |2 slo 
650 4 |a Betónovanie  |2 slo 
650 4 |a Základové pásy  |2 slo 
650 4 |a Dopravníkový pás  |2 slo 
650 4 |a Šikmá strecha  |2 slo 
650 4 |a Stavba  |2 slo 
650 4 |a Apartment house  |2 eng 
650 4 |a Building  |2 eng 
650 4 |a Building site  |2 eng 
650 4 |a Construction of the strap foundations  |2 eng 
650 4 |a Conveyor  |2 eng 
650 4 |a Strand  |2 eng 
650 4 |a Pitched roof  |2 eng 
650 4 |a Harmonogram  |2 eng 
650 4 |a POV  |2 eng 
700 1 |a Ďubek, Marek  |u 010270  |k Z1  |4 ths  |U SvF Stavebná fakulta  |T SvF Katedra technológie stavieb  |X 20818  |U V270  |Y 28  |7 A000020818 
856 4 |u http://is.stuba.sk/zp/portal_zp.pl?podrobnosti=152829 
856 4 |u https://opac.crzp.sk/?fn=detailBiblioForm&sid=72994EA9AD52E4DE4E964C064587